People and the plan (Record no. 420950)

000 -LEADER
fixed length control field 00349cam a22001097a 4500
008 - FIXED-LENGTH DATA ELEMENTS--GENERAL INFORMATION
fixed length control field 180718b1956 xxu||||| |||| 00| 0 eng d
082 ## - DEWEY DECIMAL CLASSIFICATION NUMBER
Classification number T000x54 P
245 ## - TITLE STATEMENT
Title People and the plan
Statement of responsibility, etc. by Ministry Of Information & Broadcasting
260 ## - PUBLICATION, DISTRIBUTION, ETC.
Place of publication, distribution, etc. New Delhi
Name of publisher, distributor, etc. Asian Art Printers
Date of publication, distribution, etc. 1956
300 ## - PHYSICAL DESCRIPTION
Extent 33p.
700 ## - ADDED ENTRY--PERSONAL NAME
Personal name India. Ministry Of Information & Broadcasting
Holdings
Withdrawn status Lost status Damaged status Not for loan Permanent Location Current Location Date acquired Full call number Barcode Date last seen Price effective from Koha item type
        Indian Institute of Public Administration Indian Institute of Public Administration 2009-07-22 T000x54 P 3589 2018-07-21 2018-07-21 Book

Powered by Koha